Minnesota Twins 2025 Roster - Statistics

General Stats
  • This quiz has been taken 39 times
  • The average score is 18 of 32
Answer Stats
Jersey # Pos Player % Correct
25 CF Byron Buxton
90%
23 3B Royce Lewis
90%
27 C Ryan Jeffers
90%
41 P Joe Ryan
86%
15 2B Luke Keaschall
86%
49 P Pablo Lopez
86%
17 P Bailey Ober
81%
38 RF Matt Wallner
81%
9 RF Trevor Larnach
81%
16 CF Austin Martin
71%
2 3B Brooks Lee
71%
8 C Christian Vazquez
71%
24 P Simeon Woods Richardson
67%
47 2B Edouard Julien
62%
43 CF James Outman
57%
65 C Jhonny Pereda
52%
18 2B Kody Clemens
52%
58 P David Festa
48%
62 BP Pierson Ohl
48%
45 BP Travis Adams
48%
60 LF Carson McCusker
43%
44 BP Cole Sands
43%
19 LF Alan Roden
38%
92 BP Genesis Cabrera
38%
53 3B Ryan Fitzgerald
38%
52 P Zebby Matthews
38%
39 BP Michael Tonkin
33%
11 2B Mickey Gasper
33%
56 BP Thomas Hatch
33%
48 BP Justin Topa
29%
55 BP Kody Funderburk
29%
26 P Taj Bradley
29%
No matching quizzes found
Score Distribution
Percent of People with Each Score
Percentile by Number Answered
Your Score History
You have not taken this quiz